[Event "Regionalliga Nord-West 1718"]
[Site "Bayern"]
[Date "2017.12.10"]
[Round "4.5"]
[White "Bobrov, Andrey"]
[Black "Bittner, Harald"]
[Result "1/2-1/2"]
[WhiteElo "2003"]
[BlackElo "1920"]
[PlyCount "93"]
[EventDate "2017.10.22"]
[EventType "team-tourn"]
[EventRounds "9"]
[EventCountry "GER"]
[SourceTitle "EXT 2022"]
[Source "ChessBase"]
[SourceDate "2021.10.06"]
[SourceVersion "1"]
[SourceVersionDate "2021.10.06"]
[SourceQuality "1"]
[WhiteTeam "Rottendorf"]
[BlackTeam "Bad Neustadt"]
[WhiteTeamCountry "GER"]
[BlackTeamCountry "GER"]

1. e4 c5 2. c3 d5 3. exd5 Qxd5 4. d4 Nc6 5. Nf3 Bg4 6. Be2 e6 7. 0-0 Nf6 8. Be3 cxd4 9. Nxd4 Bxe2 10. Qxe2 Nxd4 11. Bxd4 Be7 12. Bxf6 Bxf6 13. Rd1 Qc6 14. Nd2 0-0 15. Nf3 Rfd8 16. Rxd8+ Rxd8 17. Rd1 Rd5 18. Rd2 Kf8 19. Qd1 Rxd2 20. Qxd2 Ke7 21. h3 Qd5 22. Qxd5 exd5 23. Kf1 Kd6 24. Ke2 b5 25. Kd3 g6 26. b3 Kc5 27. g3 b4 28. c4 dxc4+ 29. bxc4 a5 30. Nd2 Bd8 31. Ne4+ Kc6 32. g4 f5 33. gxf5 gxf5 34. Ng3 Bh4 35. Nxf5 Bxf2 36. Ng7 a4 37. Ne6 Bh4 38. Nd4+ Kc5 39. Nf3 Bf6 40. Nd2 Bg7 41. Ne4+ Kc6 42. Kc2 h5 43. Kb1 Bd4 44. Kc2 Bc5 45. Kd3 Be7 46. Kd4 Bf8 47. Kd3 1/2-1/2

[Event "Regionalliga Nord-West 1718"]
[Site "Bayern"]
[Date "2017.10.22"]
[Round "1.4"]
[White "Bittner, Harald"]
[Black "Brunsch, Michael"]
[Result "1/2-1/2"]
[WhiteElo "1920"]
[BlackElo "1957"]
[PlyCount "76"]
[EventDate "2017.10.22"]
[EventType "team-tourn"]
[EventRounds "9"]
[EventCountry "GER"]
[SourceTitle "EXT 2022"]
[Source "ChessBase"]
[SourceDate "2021.10.06"]
[SourceVersion "1"]
[SourceVersionDate "2021.10.06"]
[SourceQuality "1"]
[WhiteTeam "Bad Neustadt"]
[BlackTeam "Hoechstadt/Aisch"]
[WhiteTeamCountry "GER"]
[BlackTeamCountry "GER"]

1. f4 c5 2. Nf3 Nc6 3. b3 Nf6 4. Bb2 e6 5. e3 Be7 6. Be2 0-0 7. 0-0 d5 8. Ne5 Qc7 9. d3 Nd7 10. Nxc6 Qxc6 11. Nd2 Bf6 12. Bxf6 Nxf6 13. Qe1 Bd7 14. a4 a5 15. e4 d4 16. Nc4 Qc7 17. Qh4 b5 18. axb5 Bxb5 19. Ne5 Nd7 20. Nxd7 Qxd7 21. Rf3 f5 22. Rh3 h6 23. Bf3 Ra7 24. Qg3 Kh8 25. Qe1 a4 26. exf5 exf5 27. Qe5 Kh7 28. bxa4 Rxa4 29. Rxa4 Bxa4 30. Qxc5 Rc8 31. Qe5 Bxc2 32. g4 Re8 33. Qxf5+ Qxf5 34. gxf5 Bxd3 35. Bg4 Bc2 36. Kf2 d3 37. f6 gxf6 38. Bf5+ Kg7 1/2-1/2

[Event "GER Seniors Derby 16th"]
[Site "Wesel Undeloh"]
[Date "2017.03.17"]
[Round "3"]
[White "Bittner, Harald"]
[Black "Degner, Friedhelm"]
[Result "1/2-1/2"]
[WhiteElo "1918"]
[BlackElo "1926"]
[PlyCount "51"]
[EventDate "2017.03.16"]
[EventType "swiss"]
[EventRounds "7"]
[EventCountry "GER"]
[SourceTitle "EXT 2019"]
[Source "ChessBase"]
[SourceDate "2018.10.10"]
[SourceVersion "1"]
[SourceVersionDate "2018.10.10"]
[SourceQuality "1"]

1. f4 e5 2. fxe5 d6 3. exd6 Bxd6 4. Nf3 g5 5. d4 g4 6. Ne5 Nd7 7. Bf4 Qf6 8. Qd2 Nxe5 9. dxe5 Bxe5 10. Bg5 Qd6 11. c3 f6 12. Qxd6 Bxd6 13. Bh4 Be6 14. Nd2 f5 15. e3 Be7 16. Bg3 0-0-0 17. Bc4 Bxc4 18. Nxc4 Nf6 19. Rf1 Rd5 20. Rd1 Rhd8 21. Rxd5 Rxd5 22. Bh4 Kd7 23. Bxf6 Bxf6 24. e4 Rc5 25. Nd2 Ke6 26. exf5+ 1/2-1/2

[Event "GER Seniors Derby 16th"]
[Site "Wesel Undeloh"]
[Date "2017.03.16"]
[Round "2"]
[White "Stuemer, Paul"]
[Black "Bittner, Harald"]
[Result "0-1"]
[WhiteElo "2117"]
[BlackElo "1918"]
[PlyCount "144"]
[EventDate "2017.03.16"]
[EventType "swiss"]
[EventRounds "7"]
[EventCountry "GER"]
[SourceTitle "EXT 2019"]
[Source "ChessBase"]
[SourceDate "2018.10.10"]
[SourceVersion "1"]
[SourceVersionDate "2018.10.10"]
[SourceQuality "1"]

1. Nf3 f5 2. d3 Nf6 3. e4 fxe4 4. dxe4 Nc6 5. Bc4 e6 6. e5 Ng4 7. Qe2 Bc5 8. Bg5 Be7 9. Bxe7 Qxe7 10. h3 Nh6 11. c3 0-0 12. Nbd2 d5 13. exd6 cxd6 14. 0-0 Na5 15. Bd3 e5 16. Rae1 Nc6 17. Bc4+ Be6 18. Ng5 d5 19. Nxe6 Qxe6 20. Bb3 Nf7 21. Qb5 Rfd8 22. Qxb7 Rab8 23. Qa6 Rb6 24. Qe2 Na5 25. Qh5 Nxb3 26. Nxb3 Qc8 27. Qh4 Rg6 28. Re3 Rdd6 29. Rfe1 e4 30. Nd4 Rg5 31. f4 Rh6 32. Qxh6 Rxg2+ 33. Kxg2 Nxh6 34. b3 g6 35. c4 Qc5 36. Ne6 Qd6 37. cxd5 Qxd5 38. Rxe4 Nf5 39. Kg1 Qd3 40. Ng5 Qg3+ 41. Kf1 h6 42. Re8+ Kg7 43. Ne6+ Kf6 44. Re5 Qxh3+ 45. Ke2 Qg2+ 46. Kd3 Qxa2 47. Nc5 Qb1+ 48. Kc3 Qc1+ 49. Kd3 Qxf4 50. R8e6+ Kf7 51. Ne4 Qe3+ 52. Kc4 Qd4+ 53. Kb5 Qd7+ 54. Ka6 Qxe6+ 55. Rxe6 Kxe6 56. Kxa7 Nd4 57. Nc5+ Kd5 58. Kb6 h5 59. b4 h4 60. Nd3 g5 61. Nf2 Kc4 62. Kc7 Kd5 63. Kd7 Ke5 64. Ke7 Nb5 65. Kd7 Nc3 66. Kc6 Kf5 67. Kc5 g4 68. Kc4 Na4 69. Kd3 g3 70. Nh3 Kg4 71. Ng1 h3 72. Nxh3 Kxh3 0-1

[Event "Regionalliga NW 1617"]
[Site "Bayern"]
[Date "2017.02.19"]
[Round "6.6"]
[White "Stadtmueller, Michael"]
[Black "Bittner, Harald"]
[Result "0-1"]
[WhiteElo "1889"]
[BlackElo "1937"]
[PlyCount "68"]
[EventDate "2016.10.16"]
[EventType "team-tourn"]
[EventRounds "9"]
[EventCountry "GER"]
[SourceTitle "EXT 2019"]
[Source "ChessBase"]
[SourceDate "2018.10.10"]
[SourceVersion "1"]
[SourceVersionDate "2018.10.10"]
[SourceQuality "1"]
[WhiteTeam "Moembris"]
[BlackTeam "Bad Neustadt"]
[WhiteTeamCountry "GER"]
[BlackTeamCountry "GER"]

1. d4 f5 2. Nf3 e6 3. g3 b6 4. Bg2 Bb7 5. 0-0 Be7 6. b3 Nf6 7. Bb2 0-0 8. c4 d6 9. Re1 Qe8 10. Nc3 Ne4 11. Qc2 Nxc3 12. Bxc3 Be4 13. Qb2 f4 14. Nd2 Bxg2 15. Kxg2 fxg3 16. hxg3 Nd7 17. Rh1 Qf7 18. f3 d5 19. Qc2 g6 20. Raf1 Nf6 21. e4 Qg7 22. Rh2 Nh5 23. Rfh1 Rf7 24. g4 Nf4+ 25. Kf1 Raf8 26. Ke1 h5 27. gxh5 gxh5 28. Nf1 h4 29. e5 h3 30. Ne3 Qg3+ 31. Kd2 Bg5 32. Bb4 c5 33. dxc5 d4 34. Nf1 Ng2+ 0-1

[Event "Regionalliga NW 1617"]
[Site "Bayern"]
[Date "2016.12.04"]
[Round "3.6"]
[White "Bittner, Harald"]
[Black "Link, Robert"]
[Result "1/2-1/2"]
[WhiteElo "1937"]
[BlackElo "1914"]
[PlyCount "27"]
[EventDate "2016.10.16"]
[EventType "team-tourn"]
[EventRounds "9"]
[EventCountry "GER"]
[SourceTitle "EXT 2019"]
[Source "ChessBase"]
[SourceDate "2018.10.10"]
[SourceVersion "1"]
[SourceVersionDate "2018.10.10"]
[SourceQuality "1"]
[WhiteTeam "Bad Neustadt"]
[BlackTeam "Klingenberg/Main"]
[WhiteTeamCountry "GER"]
[BlackTeamCountry "GER"]

1. f4 c5 2. Nf3 Nc6 3. b3 d5 4. e3 Nf6 5. Bb5 Bd7 6. 0-0 e6 7. Bb2 Be7 8. Bxc6 Bxc6 9. Qe1 0-0 10. Ne5 Nd7 11. Nxc6 bxc6 12. e4 c4 13. Qg3 Nf6 14. d3 1/2-1/2

[Event "Regionalliga NW 1516"]
[Site "Bayern"]
[Date "2016.03.13"]
[Round "8.7"]
[White "Bittner, Harald"]
[Black "Braeutigam, Thomas"]
[Result "1/2-1/2"]
[WhiteElo "1918"]
[BlackElo "1974"]
[PlyCount "43"]
[EventDate "2015.10.11"]
[EventType "team-tourn"]
[EventRounds "9"]
[EventCountry "GER"]
[SourceTitle "EXT 2018"]
[Source "ChessBase"]
[SourceDate "2017.10.13"]
[SourceVersion "1"]
[SourceVersionDate "2017.10.13"]
[SourceQuality "1"]
[WhiteTeam "Bad Neustadt"]
[BlackTeam "Wuerzburg"]
[WhiteTeamCountry "GER"]
[BlackTeamCountry "GER"]

1. f4 d5 2. Nf3 Nf6 3. e3 g6 4. b3 Bg7 5. Bb2 0-0 6. Be2 c5 7. 0-0 Nc6 8. Ne5 d4 9. Nxc6 bxc6 10. Na3 Nd5 11. e4 Nb6 12. Bd3 e5 13. f5 Qh4 14. Qf3 g5 15. g3 Qh3 16. Nc4 Nxc4 17. Bxc4 Re8 18. Rf2 Bf8 19. Bf1 Qh6 20. Kg2 a5 21. a4 Ra7 22. Bc4 1/2-1/2

[Event "Regionalliga NW 1516"]
[Site "Bayern"]
[Date "2016.01.31"]
[Round "6.7"]
[White "Link, Klaus"]
[Black "Bittner, Harald"]
[Result "0-1"]
[WhiteElo "1932"]
[BlackElo "1918"]
[PlyCount "48"]
[EventDate "2015.10.11"]
[EventType "team-tourn"]
[EventRounds "9"]
[EventCountry "GER"]
[SourceTitle "EXT 2018"]
[Source "ChessBase"]
[SourceDate "2017.10.13"]
[SourceVersion "1"]
[SourceVersionDate "2017.10.13"]
[SourceQuality "1"]
[WhiteTeam "Klingenberg"]
[BlackTeam "Bad Neustadt"]
[WhiteTeamCountry "GER"]
[BlackTeamCountry "GER"]

1. e4 c5 2. c3 Nf6 3. e5 Nd5 4. d4 d6 5. Nf3 Bg4 6. Be2 Nc6 7. h3 Bh5 8. e6 fxe6 9. Ng5 Bxe2 10. Qxe2 e5 11. Qc4 h6 12. Ne6 Nb6 13. Qd3 Qc8 14. Qg6+ Kd7 15. dxc5 Nd5 16. 0-0 Nd8 17. Nxf8+ Rxf8 18. cxd6 exd6 19. Qxg7+ Rf7 20. Qxh6 Ne6 21. Na3 Qg8 22. Qh5 Nef4 23. Qg4+ Qxg4 24. hxg4 Ne2+ 0-1

[Event "Remote-ch 1415 email"]
[Site "Remote email"]
[Date "2014.03.02"]
[Round "?"]
[White "Bittner, Harald"]
[Black "Hofstetter, Hans Joachim"]
[Result "1/2-1/2"]
[WhiteElo "2319"]
[BlackElo "2450"]
[PlyCount "25"]
[EventDate "2014.??.??"]
[EventType "tourn (corr)"]
[EventRounds "8"]
[EventCountry "GER"]
[SourceTitle "Corr 2015"]
[Source "ChessBase"]
[SourceDate "2015.07.17"]
[SourceVersion "1"]
[SourceVersionDate "2015.07.17"]
[SourceQuality "1"]

1. b3 f5 2. Bb2 Nf6 3. e3 e6 4. f4 d5 5. Nf3 Be7 6. c4 0-0 7. Nc3 c5 8. cxd5 exd5 9. Bd3 Nc6 10. Rc1 Bd7 11. 0-0 Rc8 12. Bb1 Qa5 13. Ne2 1/2-1/2

[Event "Remote-ch 1415 email"]
[Site "Remote email"]
[Date "2014.03.02"]
[Round "?"]
[White "Bittner, Harald"]
[Black "Oechslein, Rainer"]
[Result "1/2-1/2"]
[WhiteElo "2319"]
[BlackElo "2423"]
[PlyCount "57"]
[EventDate "2014.??.??"]
[EventType "tourn (corr)"]
[EventRounds "8"]
[EventCountry "GER"]
[SourceTitle "Corr 2015"]
[Source "ChessBase"]
[SourceDate "2015.07.17"]
[SourceVersion "1"]
[SourceVersionDate "2015.07.17"]
[SourceQuality "1"]

1. b3 e5 2. Bb2 Nc6 3. e3 d5 4. Bb5 Bd6 5. f4 Qh4+ 6. g3 Qe7 7. Nf3 f6 8. Nc3 Be6 9. fxe5 fxe5 10. d4 e4 11. Ne5 Bxe5 12. Qh5+ Kd7 13. dxe5 a6 14. Bf1 Rd8 15. 0-0-0 g6 16. Qh4 Qxh4 17. gxh4 Ke7 18. Na4 Nh6 19. Nc5 b6 20. Nxa6 Rc8 21. Ba3+ Kf7 22. Be2 Nf5 23. Rhf1 Rhd8 24. Bb2 Nce7 25. h5 c5 26. Rf4 Nc6 27. Rg1 Ke7 28. hxg6 Rg8 29. c4 1/2-1/2

[Event "Remote-ch 1415 email"]
[Site "Remote email"]
[Date "2014.03.02"]
[Round "?"]
[White "Lukas, Norbert"]
[Black "Bittner, Harald"]
[Result "1/2-1/2"]
[WhiteElo "2090"]
[BlackElo "2319"]
[PlyCount "36"]
[EventDate "2014.??.??"]
[EventType "tourn (corr)"]
[EventRounds "8"]
[EventCountry "GER"]
[SourceTitle "Corr 2015"]
[Source "ChessBase"]
[SourceDate "2015.07.17"]
[SourceVersion "1"]
[SourceVersionDate "2015.07.17"]
[SourceQuality "1"]

1. e4 c5 2. Nf3 Nc6 3. d4 cxd4 4. Nxd4 Nf6 5. Nc3 e5 6. Ndb5 d6 7. Bg5 a6 8. Na3 b5 9. Nd5 Be7 10. Bxf6 Bxf6 11. c3 Rb8 12. Nc2 Bg5 13. a4 bxa4 14. Ncb4 Bd7 15. Bxa6 Nxb4 16. Nxb4 0-0 17. 0-0 g6 18. Bd3 Ra8 1/2-1/2

[Event "Regionalliga NW 1213"]
[Site "Bayern"]
[Date "2013.04.14"]
[Round "9.5"]
[White "Bittner, Harald"]
[Black "Nuernberger, Stefan"]
[Result "1/2-1/2"]
[WhiteElo "1890"]
[BlackElo "2010"]
[PlyCount "40"]
[EventDate "2012.10.14"]
[EventType "team-tourn"]
[EventRounds "9"]
[EventCountry "GER"]
[SourceTitle "EXT 2015"]
[Source "ChessBase"]
[SourceDate "2014.11.20"]
[SourceVersion "1"]
[SourceVersionDate "2014.11.20"]
[SourceQuality "1"]
[WhiteTeam "Bad Neustadt"]
[BlackTeam "Marktleuthen"]
[WhiteTeamCountry "GER"]
[BlackTeamCountry "GER"]

1. b3 Nf6 2. Bb2 g6 3. f4 d5 4. Nf3 Bg7 5. e3 0-0 6. Be2 c5 7. 0-0 Nc6 8. Ne5 Qc7 9. Nxc6 Qxc6 10. d3 b6 11. Nd2 Bb7 12. Nf3 Ng4 13. Bxg7 Kxg7 14. Qd2 Qe6 15. e4 dxe4 16. Ng5 Qd7 17. Qc3+ Nf6 18. dxe4 Qd4+ 19. Qxd4 cxd4 20. e5 Nd5 1/2-1/2

[Event "Regionalliga NW 1213"]
[Site "Bayern"]
[Date "2013.02.03"]
[Round "6.5"]
[White "Wambach, Juergen"]
[Black "Bittner, Harald"]
[Result "1-0"]
[WhiteElo "1994"]
[BlackElo "1890"]
[PlyCount "111"]
[EventDate "2012.10.14"]
[EventType "team-tourn"]
[EventRounds "9"]
[EventCountry "GER"]
[SourceTitle "EXT 2015"]
[Source "ChessBase"]
[SourceDate "2014.11.20"]
[SourceVersion "1"]
[SourceVersionDate "2014.11.20"]
[SourceQuality "1"]
[WhiteTeam "Klingenberg/Main"]
[BlackTeam "Bad Neustadt"]
[WhiteTeamCountry "GER"]
[BlackTeamCountry "GER"]

1. g3 f5 2. d4 Nf6 3. Bg2 e6 4. Nf3 Be7 5. c4 0-0 6. 0-0 d6 7. b3 Ne4 8. Ne1 Nd7 9. f3 Ng5 10. Nc3 e5 11. e3 f4 12. exf4 exf4 13. Bxf4 c5 14. Nc2 cxd4 15. Nxd4 Nc5 16. Nd5 Nh3+ 17. Bxh3 Bxh3 18. Re1 Bf6 19. Qd2 Qd7 20. Rad1 Rae8 21. Nxf6+ Rxf6 22. Rxe8+ Qxe8 23. Nb5 Ne6 24. Nxd6 Qc6 25. Ne4 Rf8 26. Qd5 Qxd5 27. Rxd5 Nxf4 28. gxf4 Rxf4 29. Rd8+ Rf8 30. Rxf8+ Kxf8 31. Nd6 b6 32. Nb5 a5 33. Nc7 Bf5 34. Nd5 Bb1 35. Nc3 Bd3 36. Kf2 Ke7 37. Ke3 Bf1 38. Nd5+ Kd6 39. Nxb6 Kc5 40. Nd5 a4 41. Nf4 a3 42. Kf2 Bxc4 43. bxc4 Kxc4 44. Ke3 Kc3 45. Nd3 g5 46. Ke4 Kc4 47. h3 h6 48. Ne5+ Kc3 49. Kf5 Kd4 50. Ng4 Kc3 51. Kg6 Kb2 52. Ne5 Kxa2 53. Nc4 Kb3 54. Nxa3 Kxa3 55. Kxh6 Kb4 56. Kxg5 1-0

[Event "Regionalliga NW 1112"]
[Site "Bayern"]
[Date "2011.11.20"]
[Round "3.5"]
[White "Bittner, Harald"]
[Black "Yalcin, Alparslan"]
[Result "0-1"]
[WhiteElo "1976"]
[BlackElo "1929"]
[PlyCount "110"]
[EventDate "2011.10.02"]
[EventType "team-tourn"]
[EventRounds "9"]
[EventCountry "GER"]
[SourceTitle "EXT 2013"]
[Source "ChessBase"]
[SourceDate "2012.11.22"]
[SourceVersion "1"]
[SourceVersionDate "2012.11.22"]
[SourceQuality "1"]
[WhiteTeam "Bad Neustadt"]
[BlackTeam "Kitzingen"]
[WhiteTeamCountry "GER"]
[BlackTeamCountry "GER"]

1. f4 d5 2. Nf3 Nf6 3. e3 Bg4 4. Be2 Nbd7 5. 0-0 Bxf3 6. Bxf3 e5 7. fxe5 Nxe5 8. Nc3 c6 9. b3 Bd6 10. Bb2 Qc7 11. h3 0-0-0 12. a4 h5 13. Ba3 Bxa3 14. Rxa3 Qd6 15. b4 g5 16. Be2 d4 17. Rxf6 Qxf6 18. Ne4 Qg6 19. exd4 Rxd4 20. Nc5 g4 21. h4 Rhd8 22. d3 Qh6 23. g3 Qe3+ 24. Kg2 Rxb4 25. Nb3 Re4 26. Nc1 Nc4 27. Rb3 Qc5 28. Qg1 Re3 29. d4 Qd5+ 30. Kh2 Rxb3 31. cxb3 Nd2 32. Qe3 Qxd4 33. Qxd4 Rxd4 34. Kg2 Rb4 35. Kf2 Nxb3 36. Nd3 Rxa4 37. Ne5 Ra2 38. Ke3 Nc1 39. Bc4 Ra3+ 40. Kf4 Ra4 41. Kg5 Ra5 42. Kf6 Kc7 43. Bxf7 Ne2 44. Bxh5 Nxg3 45. Bxg4 Ra4 46. Kg5 Kd6 47. Nf7+ Ke7 48. Ne5 Ne4+ 49. Kf5 Nf6 50. Bd1 Rd4 51. Bf3 Nd5 52. h5 Rf4+ 53. Kg5 Ke6 54. Bxd5+ Kxe5 55. Bh1 Rf1 0-1

[Event "Regionalliga NW 1112"]
[Site "Bayern"]
[Date "2011.10.02"]
[Round "1.5"]
[White "Bittner, Harald"]
[Black "Reissner, Andreas"]
[Result "1/2-1/2"]
[WhiteElo "1976"]
[BlackElo "2026"]
[PlyCount "84"]
[EventDate "2011.10.02"]
[EventType "team-tourn"]
[EventRounds "9"]
[EventCountry "GER"]
[SourceTitle "EXT 2013"]
[Source "ChessBase"]
[SourceDate "2012.11.22"]
[SourceVersion "1"]
[SourceVersionDate "2012.11.22"]
[SourceQuality "1"]
[WhiteTeam "Bad Neustadt"]
[BlackTeam "Marktleuthen"]
[WhiteTeamCountry "GER"]
[BlackTeamCountry "GER"]

1. f4 d5 2. Nf3 Nf6 3. e3 c5 4. b3 Nc6 5. Bb5 Bd7 6. 0-0 a6 7. Bxc6 Bxc6 8. Bb2 e6 9. Qe1 Qc7 10. Ne5 Nd7 11. Qg3 f6 12. Nxc6 Qxc6 13. f5 e5 14. d3 Kf7 15. Nd2 Bd6 16. e4 d4 17. Qh4 Rag8 18. Rf3 b5 19. a4 Qb6 20. axb5 axb5 21. Rh3 c4 22. bxc4 Bb4 23. Nf3 bxc4 24. Qh5+ Ke7 25. Nh4 Nc5 26. Qd1 Rb8 27. Ba3 Bxa3 28. Rxa3 cxd3 29. cxd3 Ra8 30. Qa1 Rxa3 31. Qxa3 Qb1+ 32. Kf2 Qc2+ 33. Kg3 Rb8 34. Nf3 Rb2 35. Rxh7 Qxg2+ 36. Kh4 Qf2+ 37. Kg4 Qg2+ 38. Kh4 Rc2 39. Qa7+ Nd7 40. Qa3+ Nc5 41. Qa7+ Nd7 42. Qa3+ Nc5 1/2-1/2

[Event "Remote-ch 1112 email"]
[Site "Remote email"]
[Date "2011.06.22"]
[Round "?"]
[White "Mueller, Lutz"]
[Black "Bittner, Harald"]
[Result "0-1"]
[WhiteElo "1948"]
[BlackElo "2328"]
[PlyCount "52"]
[EventDate "2011.??.??"]
[EventType "tourn (corr)"]
[EventRounds "9"]
[EventCountry "GER"]
[SourceTitle "Corr 2015"]
[Source "ChessBase"]
[SourceDate "2015.07.17"]
[SourceVersion "1"]
[SourceVersionDate "2015.07.17"]
[SourceQuality "1"]

1. d4 f5 2. g3 Nf6 3. Bg2 e6 4. Nh3 d5 5. 0-0 c6 6. Bg5 h6 7. Bxf6 Qxf6 8. e3 g5 9. c4 h5 10. Nc3 Na6 11. Qa4 Bd7 12. Rac1 dxc4 13. Qxc4 h4 14. e4 hxg3 15. fxg3 Qh6 16. exf5 0-0-0 17. d5 Bc5+ 18. Kh1 exd5 19. Qg4 Rdf8 20. Rf3 Qh7 21. Rcf1 Be7 22. a3 Nc7 23. b4 Bf6 24. Ne2 Be8 25. b5 Bh5 26. Qa4 Bxf3 0-1

[Event "Remote-ch 1112 email"]
[Site "Remote email"]
[Date "2011.06.22"]
[Round "?"]
[White "Oechslein, Rainer"]
[Black "Bittner, Harald"]
[Result "1/2-1/2"]
[WhiteElo "2423"]
[BlackElo "2328"]
[PlyCount "40"]
[EventDate "2011.??.??"]
[EventType "tourn (corr)"]
[EventRounds "9"]
[EventCountry "GER"]
[SourceTitle "Corr 2015"]
[Source "ChessBase"]
[SourceDate "2015.07.17"]
[SourceVersion "1"]
[SourceVersionDate "2015.07.17"]
[SourceQuality "1"]

1. e4 c5 2. Nf3 Nc6 3. Bb5 e6 4. 0-0 Nge7 5. c3 a6 6. Ba4 b5 7. Bc2 Bb7 8. Qe2 d5 9. e5 d4 10. Be4 Nd5 11. d3 dxc3 12. Nxc3 Be7 13. Rd1 0-0 14. d4 cxd4 15. Nxd5 exd5 16. Bc2 Re8 17. Nxd4 Nxd4 18. Rxd4 Rc8 19. Bf4 Bc5 20. Rd2 Qd7 1/2-1/2

[Event "Regionalliga NW 1011"]
[Site "Bayern"]
[Date "2011.02.27"]
[Round "7.4"]
[White "Kwossek, Georg"]
[Black "Bittner, Harald"]
[Result "1-0"]
[WhiteElo "2004"]
[BlackElo "1961"]
[PlyCount "87"]
[EventDate "2010.10.10"]
[EventType "team-tourn"]
[EventRounds "9"]
[EventCountry "GER"]
[SourceTitle "EXT 2012"]
[Source "ChessBase"]
[SourceDate "2011.11.24"]
[SourceVersion "1"]
[SourceVersionDate "2011.11.24"]
[SourceQuality "1"]
[WhiteTeam "Kitzingen"]
[BlackTeam "Bad Neustadt"]
[WhiteTeamCountry "GER"]
[BlackTeamCountry "GER"]

1. d4 f5 2. g3 Nf6 3. Bg2 e6 4. Nf3 Be7 5. 0-0 0-0 6. c4 c6 7. b3 Ne4 8. Bb2 Bf6 9. Ne5 d6 10. Nd3 Nd7 11. f3 Ng5 12. h4 Nf7 13. Nf4 Qe7 14. Nh5 Bxh4 15. gxh4 Qxh4 16. d5 e5 17. dxc6 bxc6 18. Nxg7 Kxg7 19. f4 Rg8 20. fxe5 Ndxe5 21. Qd4 Qxd4+ 22. Bxd4 Kf8 23. Kh1 Ke7 24. Nd2 Rg4 25. e3 Bd7 26. Rf4 Nd3 27. Rxg4 fxg4 28. Rf1 Nfe5 29. Be4 Rg8 30. Kg2 h5 31. Bh7 Rf8 32. Rxf8 Kxf8 33. Kg3 c5 34. Bc3 Nc1 35. Kh4 Be8 36. Kg5 Nf3+ 37. Kf6 Ne2 38. Ba5 Nxd2 39. Bxd2 h4 40. Ba5 g3 41. Bc7 Bc6 42. Bg6 g2 43. Bf7 g1Q 44. Bxd6# 1-0

[Event "Regionalliga NW 0910"]
[Site "Bayern"]
[Date "2009.12.13"]
[Round "4.4"]
[White "Bittner, Harald"]
[Black "Frey, Michael"]
[Result "0-1"]
[WhiteElo "1959"]
[BlackElo "2023"]
[PlyCount "66"]
[EventDate "2009.10.18"]
[EventType "team-tourn"]
[EventRounds "9"]
[EventCountry "GER"]
[SourceTitle "EXT 2011"]
[Source "ChessBase"]
[SourceDate "2010.11.26"]
[SourceVersion "1"]
[SourceVersionDate "2010.11.26"]
[SourceQuality "1"]
[WhiteTeam "Bad Neustadt"]
[BlackTeam "Obernau"]
[WhiteTeamCountry "GER"]
[BlackTeamCountry "GER"]

1. f4 d5 2. Nf3 Bg4 3. Ne5 Bf5 4. e3 Nd7 5. b3 f6 6. Nxd7 Qxd7 7. Bb2 e6 8. c4 c6 9. cxd5 exd5 10. Be2 0-0-0 11. 0-0 Bc5 12. Qc1 Bb6 13. Nc3 d4 14. Na4 dxe3 15. Nxb6+ axb6 16. dxe3 Ne7 17. Bf3 Qe6 18. Bd4 Kc7 19. b4 Be4 20. a4 Nf5 21. Bg4 Nxd4 22. Bxe6 Ne2+ 23. Kh1 Nxc1 24. Rfxc1 Rd2 25. Bh3 Rhd8 26. Kg1 R8d3 27. a5 g5 28. fxg5 fxg5 29. a6 bxa6 30. Rxa6 g4 31. Ra7+ Kd6 32. Rc4 Rxe3 33. Bxg4 Re1# 0-1

[Event "Unterfranken-ch M1 52th"]
[Site "Massbach"]
[Date "2001.??.??"]
[Round "?"]
[White "Soeder, Thomas"]
[Black "Bittner, Harald"]
[Result "0-1"]
[WhiteElo "2085"]
[BlackElo "1967"]
[PlyCount "75"]
[EventDate "2001.04.16"]
[EventType "swiss"]
[EventRounds "9"]
[EventCountry "GER"]
[SourceTitle "EXT 2015"]
[Source "ChessBase"]
[SourceDate "2014.11.20"]
[SourceVersion "1"]
[SourceVersionDate "2014.11.20"]
[SourceQuality "1"]

1. c4 f5 2. Nf3 Nf6 3. Nc3 b6 4. Qc2 e6 5. d4 g6 6. e3 Bb7 7. Bd3 Bxf3 8. gxf3 Bg7 9. b4 0-0 10. Bb2 a5 11. b5 Rf7 12. 0-0 d6 13. Rfd1 Nbd7 14. Bf1 Nh5 15. Kh1 Qh4 16. f4 Ndf6 17. h3 g5 18. fxg5 Ne4 19. f4 Nf2+ 20. Kg1 Qg3+ 21. Bg2 Nxh3+ 22. Kh1 Nf2+ 23. Kg1 Nxd1 24. Nxd1 Qe1+ 25. Kh2 Raf8 26. Qf2 Qxf2 27. Nxf2 Bh8 28. Nd3 h6 29. gxh6 Rh7 30. Rh1 Rf6 31. Kg1 Rfxh6 32. Kf2 Nf6 33. Rxh6 Rxh6 34. Kg3 Kf7 35. Nf2 d5 36. c5 bxc5 37. dxc5 Nh5+ 38. Kh4 0-1

[Event "Regionalliga NW 9899"]
[Site "Bayern"]
[Date "1999.??.??"]
[Round "4.3"]
[White "Lang, James"]
[Black "Bittner, Harald"]
[Result "1-0"]
[WhiteElo "2105"]
[BlackElo "2000"]
[PlyCount "83"]
[EventDate "1998.??.??"]
[EventType "team-tourn"]
[EventRounds "9"]
[EventCountry "GER"]
[SourceTitle "EXT 2020"]
[Source "ChessBase"]
[SourceDate "2019.10.17"]
[SourceVersion "1"]
[SourceVersionDate "2019.10.17"]
[SourceQuality "1"]
[WhiteTeam "Klingenberg"]
[BlackTeam "Bad Neustadt"]
[WhiteTeamCountry "GER"]
[BlackTeamCountry "GER"]

1. e4 c5 2. Nf3 Nc6 3. d4 cxd4 4. Nxd4 Nf6 5. Nc3 e5 6. Ndb5 d6 7. Bg5 a6 8. Na3 b5 9. Nd5 Be7 10. Bxf6 Bxf6 11. c3 0-0 12. Nc2 Bg5 13. Be2 Ra7 14. 0-0 f5 15. exf5 Bxf5 16. a4 bxa4 17. Rxa4 a5 18. Nce3 Bxe3 19. Nxe3 Be6 20. Bf3 Ne7 21. Bg4 Bxg4 22. Qxg4 Rf6 23. b4 Rg6 24. Qe4 Qd7 25. Rxa5 Rxa5 26. bxa5 Qa7 27. Ra1 Qa6 28. Qc4+ d5 29. Qc7 Re6 30. Nxd5 Nxd5 31. Qd8+ Kf7 32. Qxd5 Kf6 33. c4 Rc6 34. Re1 Qxc4 35. Qxe5+ Kf7 36. h3 h6 37. Qe8+ Kf6 38. Re3 Rc5 39. Rf3+ Kg5 40. Rg3+ Kf6 41. Qg6+ Ke5 42. Re3+ 1-0